00754 2200229 4500001002100000005001500021035002000036007000300056008004100059020001800100082000800118084001400126100001900140245013700159250002500296260003600321300005000357650003100407650003500438700001900473504003200492INLIS00000000000408320251119125501 a0010-1125000115ta251119 d 0 ind  a979-795-959-7 a510 a510 SAN t0 aSandy Hermawan1 aTop Pocket Master Book Matematika & Fisika SMA/MA Kelas X, XI, & XII /cSandy Hermawan (Penulis); Redaksi Bintang Wahyu (Penyunting) aCetakan Keenam, 2017 aJakarta :bBintang Wahyu,c2015 aviii; 722 Halaman :bIlustrasi; teks ;c15 cm 4aFisika - Ujian, soal, dsb. 4aMatematika - Ujian, soal, dsb.0 aDesi Listianti aBibliografi Halaman 719-720